000 01007nas a2200301 4500
001 BR9511605
003 BR-BrBNA
005 20231205094640.0
007 ta
008 230509b bl.|||p| |||| 00| 00por d
040 _aBR-BrBNA
_bpor
_cBiblioteca Nacional de Agricultura
041 _a(Pt)
072 _aF02
100 1 _aCoutinho, E.F.
100 1 _aKluge, R.A.
100 1 _aJorge, R.O.
100 1 _aHaerter, J.A.
100 1 _aSantos Filho, B.G. dos
100 1 _aFortes, G.R. de L.
111 1 _a12. Congresso Brasileiro de Fruticultura
_cPorto Alegre, RS (Brazil)
_d17-22 Jan 1993
245 1 _aEfeito de acido indolbutirico e antioxidante na formacao de calos em estacas semilenhosas de goiabeira serrana
650 _aGoiaba
650 _aAcido Indolbutirico
650 _aEnraizamento de Estaca
773 0 _tRevista Brasileira de Fruticultura (Brazil)
_xISSN 0100-2945
_g1992, v. 14(3) p. 141-143
_wBR9511605
909 _a202311
_bLúcia
_c55
_dLúcia Elande
942 _2AGRIS
_n0
_cANA
999 _c145874
_d145874